Guess the UEFA Team by its Nickname - Statistics

General Stats
  • This quiz has been taken 28 times
  • The average score is 14 of 24
Answer Stats
Nickname Country % Correct
Les Blues France
100%
Three Lions England
92%
The Boys in Green Ireland
83%
Schweizer Nati Switzerland
83%
Azzuri Italy
79%
La Roja Spain
79%
Mighty Magyars Hungary
75%
DFB-Elf Germany
71%
Shiqiponjat Albania
67%
Bialo-czerwoni Poland
67%
Seleccao das Quinas Portugal
58%
Rode Duivels Belgium
54%
Sbornaya Russia
54%
Ay-Yildizlilar Turkey
54%
Norn Iron Northern Ireland
50%
Tricolorii Romania
46%
Synyo-Zhovti Ukraine
42%
Kockasti Croatia
33%
Strakarnir okkar Iceland
33%
No Nickname Slovakia
33%
Dreigiau Wales
33%
Narodni tym Czech Republic
29%
Biagult Sweden
29%
No Nickname Austria
21%
No matching quizzes found
Score Distribution
Percent of People with Each Score
Percentile by Number Answered
Your Score History
You have not taken this quiz